000 00334 a2200157 4500
001 57274
020 _a8508105266
040 _cAnchieta - Pituba
100 _aPiasecki, Jerry
240 1 0 _aMeninos em guerra
_lpor
245 1 0 _aMeninos em guerra
300 _a168
362 0 _a2006
650 4 _aLiteratura juvenil
942 _cBK
999 _c57274
_d57274